Movies Beginning With D - The Last 40 Years - Statistics

General Stats
  • This quiz has been taken 22 times
  • The average score is 12 of 41
Answer Stats
Picture Answer % Correct
Dirty Dancing (1987)
95%
Dumbo (2019)
89%
Dumb And Dumber (1994)
84%
Dinosaur (2000)
79%
DodgeBall: A True Underdog Story (2004)
68%
Desperately Seeking Susan (1985)
58%
Dreamgirls (2006)
58%
Death Becomes Her (1992)
53%
Dark Shadows (2012)
42%
Death On The Nile (2022)
42%
Desperado (1995)
37%
Die Another Day (2002)
37%
Don't Look Up (2021)
37%
Dungeons & Dragons: Honor Among Thieves (2023)
37%
Darkman (1990)
32%
Doc Hollywood (1991)
32%
Downsizing (2017)
32%
Dangerous Liaisons (1988)
26%
Dante's Peak (1997)
26%
Deep Impact (1998)
26%
Dragonheart (1996)
26%
Due Date (2010)
26%
Deep Blue Sea (1999)
21%
Damsel (2024)
16%
Disturbia (2007)
16%
Drugstore Cowboy (1989)
16%
The Drop (2014)
16%
The DUFF (2015)
16%
Deepwater Horizon (2016)
11%
Domino (2005)
11%
Don Jon (2013)
11%
Dragon: The Bruce Lee Story (1993)
11%
Dreamcatcher (2003)
11%
Drive Angry (2011)
11%
Da 5 Bloods (2020)
5%
Dangerous Animals (2025)
5%
Death Race (2008)
5%
Domestic Disturbance (2001)
5%
Dragged Across Concrete (2018)
5%
Duplicity (2009)
5%
The Delta Force (1986)
5%
No matching quizzes found
Score Distribution
Percent of People with Each Score
Percentile by Number Answered
Your Score History
You have not taken this quiz